Catálogo
 En Linea

El Doctrinario : (Registro nro. 45273)

Detalles MARC
000 -CABECERA
campo de control de longitud fija 00710nas a2200217 a 4500
001 - NÚMERO DE CONTROL
campo de control 000045784
003 - IDENTIFICADOR DEL NÚMERO DE CONTROL
campo de control DLC
005 - FECHA Y HORA DE LA ÚLTIMA TRANSACCIÓN
campo de control 20201002052436.0
008 - DATOS DE LONGITUD FIJA--INFORMACIÓN GENERAL
campo de control de longitud fija 150512c19039999dr er1ndd 0 0spa d
040 ## - FUENTE DE LA CATALOGACIÓN
Centro catalogador/agencia de origen DO-SdBNP
Lengua de catalogación spa
Centro/agencia transcriptor BNPHU
043 ## - CÓDIGO DE ÁREA GEOGRÁFICA
Código de área geográfica nwdr
245 00 - MENCIÓN DE TÍTULO
Título El Doctrinario :
Resto del título o civilización o muerte.
260 ## - PUBLICACIÓN, DISTRIBUCIÓN, ETC.
Lugar de publicación, distribución, etc. Santo Domingo,
Fecha de publicación, distribución, etc. 1903.
300 ## - DESCRIPCIÓN FÍSICA
Extensión v. :
Otras características físicas il. ;
Dimensiones 34 cm.
310 ## - PERIODICIDAD ACTUAL
Periodicidad actual Quincenal
362 1# - FECHAS DE PUBLICACIÓN Y/O DESIGNACIÓN SECUENCIAL
Fecha de publicación y/o designación secuencial Año.1:no.1:(16 agosto, 1903)
500 ## - NOTA GENERAL
Nota general Director: Enrique Ap. Henríquez, 1903.
500 ## - NOTA GENERAL
Nota general Periódico quincenal de ciencias y artes.
650 04 - PUNTO DE ACCESO ADICIONAL DE MATERIA--TÉRMINO DE MATERIA
Término de materia o nombre geográfico como elemento de entrada Periódicos
Subdivisión de forma PUBLICACIONES PERIÓDICAS
Subdivisión geográfica República Dominicana
9 (RLIN) 73867
651 #0 - PUNTO DE ACCESO ADICIONAL DE MATERIA--NOMBRE GEOGRÁFICO
Nombre geográfico República Dominicana
Subdivisión de forma PUBLICACIONES PERIÓDICAS
9 (RLIN) 25092

No hay ítems disponibles.

Con tecnología Koha